| 000 | 01103nab a22002417a 4500 | ||
|---|---|---|---|
| 999 |
_c5766 _d5766 |
||
| 003 | OSt | ||
| 005 | 20260108235906.0 | ||
| 008 | 190514b xxu||||| |||| 00| 0 spa d | ||
| 040 | _cPJ | ||
| 100 |
_96680 _aArias, Emmanuel Alexis |
||
| 245 | 1 | 0 |
_aAbogado del niño o tutor ad litem. El rol determinante de la autonomía progresiva / _cEmmanuel Alexis Arias. |
| 300 | _ap. 48-51 | ||
| 500 | _aCita: TR LALEY AR/DOC/1587/2025. | ||
| 505 | _aSumario: I. Breve reseña del caso.— II. Análisis del fallo. | ||
| 505 | _tFallo comentado: Juzg. Flia. La Plata, Nro. 2 ~ 11/03/2025 ~ R. E. S. c. G. Y. M. A. s/ protección contra la violencia familiar (ley 12.569) legajo de apelación 2. | ||
| 650 | 0 |
_9967 _aDERECHO DE FAMILIA |
|
| 650 | 0 |
_92741 _aDERECHOS DE LAS NIÑAS, NIÑOS Y ADOLESCENTES |
|
| 650 | 0 |
_94105 _aABOGADO DEL NIÑO |
|
| 650 | 0 |
_9180 _aDEBIDO PROCESO |
|
| 650 | 0 |
_91057 _aJURISPRUDENCIA APLICABLE |
|
| 773 | 0 |
_02844 _93222 _dBuenos Aires : AbeledoPerrot, 1989- _tDerecho de familia. Revista Interdisciplinaria de doctrina y jurisprudencia. Agosto 2025-IV. _z18511201 |
|
| 942 |
_2udc _cANA |
||